Desastres y sociedad : julio-diciembre 1996 /

Contiene: Construyendo el riesgo ambiental en la ciudad; Tarapoto: opiniones y sugerencias de la población para la gestión ambiental de la ciudad; La gestión de emregencias y desastres en la municipalidad de Asunción, Paraguay; Espcial: proyecto de investigación-acción: comunidades vulnerables en Ce...

Celý popis

Uloženo v:
Podrobná bibliografie
Médium: Kniha
Jazyk:španělština
Témata:
Tagy: Přidat tag
Žádné tagy, Buďte první, kdo vytvoří štítek k tomuto záznamu!

MARC

LEADER 00000nam^a2200000^a^4500
001 000115278
005 20250521000000.0
009 20260310094049.914
037 |a Acervo ITESO - Biblioteca 
041 |a ESP 
082 |a 363. 3405  |b DES V. 7 
240 1 1 |a [Desastres y sociedad] 
245 1 0 |a Desastres y sociedad :  |b julio-diciembre 1996 / 
264 |a Bogotá, Colombia :  |b Red de Estudios Sociales en Prevención de Desastres en América Latina,  |c 1996 
300 |a 160 p. 
336 |a texto  |b txt  |2 rdacontenido 
337 |a sin mediación  |b n  |2 rdamedio 
338 |a volumen  |b nc  |2 rdasoporte 
520 |a Contiene: Construyendo el riesgo ambiental en la ciudad; Tarapoto: opiniones y sugerencias de la población para la gestión ambiental de la ciudad; La gestión de emregencias y desastres en la municipalidad de Asunción, Paraguay; Espcial: proyecto de investigación-acción: comunidades vulnerables en Centroamérica y opciones de prevención y mitigación; Literatura y desastres; Hechos y desechos. 
649 |a XX 
650 |a Desastres -  |x Publicaciones Periódicas Latinoamericanas 
650 |a Desastres -  |z Latinoamérica 
650 |a Desastres -  |x Prevención 
650 |a Desastres -  |z América Central -  |x Prevención 
650 |a Investigación-Acción 
650 |a Desastres en la Literatura 
650 |a Movimientos Sociales 
650 |a Protección Civil 
650 |a Sociología 
910 |a Fondo General 
920 |a Impresos - Libros 
930 |a Colección General 
905 |a 101 
901 |a 0800002788  |b IT1  |c ACC  |u 20250521 
902 |a https://opac.biblio.iteso.mx/vufind/Record/000115278